000 00466nam a22001817a 4500
003 MPLRDC
005 20220104175220.0
008 210129b ||||| |||| 00| 0 eng d
020 _a983-6204-24-5
082 _a803.92 HAS
100 _aABDULLAH HASSAN
245 _aKESALAHAN BAHASA DALAM BAHASA MALAYSIA
_c
250 _aKEDUA
260 _aMALAYSIA
_bDEWAN BAHASA DAN PUSTAKA
_c1989
300 _b514
650 _aBAHASA MALAYSIA
942 _cBK
_o803.92 HAS
999 _c60264
_d60254